|
|
|
|
| LEADER |
01378nam a2200373Ia 4500 |
| 001 |
EBC169196 |
| 003 |
MiAaPQ |
| 005 |
20200520144314.0 |
| 006 |
m o d | |
| 007 |
cr cn||||||||| |
| 008 |
970318s1998 enk sb 000 0 eng d |
| 010 |
|
|
|z 97008357
|
| 020 |
|
|
|a 6610331952 (electronic bk.)
|
| 020 |
|
|
|a 9786610331956 (electronic bk.)
|
| 035 |
|
|
|a (MiAaPQ)EBC169196
|
| 035 |
|
|
|a (Au-PeEL)EBL169196
|
| 035 |
|
|
|a (CaPaEBR)ebr10055929
|
| 035 |
|
|
|a (CaONFJC)MIL33195
|
| 035 |
|
|
|a (OCoLC)252799958
|
| 040 |
|
|
|a MiAaPQ
|c MiAaPQ
|d MiAaPQ
|
| 050 |
|
4 |
|a HD62.4
|b .O735 1998
|
| 082 |
0 |
4 |
|a 658/.049
|2 21
|
| 245 |
0 |
4 |
|a The organisation of the firm
|h [electronic resource] :
|b international business perspectives /
|c edited by Ram Mudambi and Martin Ricketts.
|
| 260 |
|
|
|a London :
|b Routledge,
|c 1998.
|
| 300 |
|
|
|a xii, 220 p.
|
| 504 |
|
|
|a Includes bibliographical references.
|
| 533 |
|
|
|a Electronic reproduction. Ann Arbor, MI : ProQuest, 2015. Available via World Wide Web. Access may be limited to ProQuest affiliated libraries.
|
| 650 |
|
0 |
|a International business enterprises.
|
| 650 |
|
0 |
|a Industrial organization.
|
| 655 |
|
4 |
|a Electronic books.
|
| 700 |
1 |
|
|a Mudambi, Ram,
|d 1954-
|
| 700 |
1 |
|
|a Ricketts, Martin J.
|
| 710 |
2 |
|
|a ProQuest (Firm)
|
| 856 |
4 |
0 |
|u https://ebookcentral.proquest.com/lib/matrademy/detail.action?docID=169196
|z Click to View
|